| 000 | 00000nam##2200000za#4500 |
| 001 | 9.615776 |
| 003 | CaOODSP |
| 005 | 20210615101301 |
| 007 | ta |
| 008 | 150406|2001||||xxc||||| f|0| 0 eng|d |
| 040 | |aCaOODSP|beng |
| 043 | |an-cn--- |
| 086 | 1 |aH113-6/2001-3E |
| 110 | 1 |aCanada. |bPest Management Regulatory Agency. |
| 245 | 10|aPrimisulfuron-methyl |
| 260 | |aOttawa - Ontario : |bHealth Canada. |c2001. |
| 300 | |a5p. ; |c28 cm. |
| 490 | 1 |aRegulatory decision document |vRDD2001-03 |
| 500 | |a"This decision document outlines this stage of the PMRA's regulatory decision-making process concerning the use of primisulfuron-methyl (Beacon 75 WG) for control of quackgrass and specific broadleaf weeds in field corn."--Introduction. |
| 520 | 3 |aThis decision document outlines this stage of the PMRA's regulatory decision-making process concerning the use of primisulfuron-methyl (Beacon 75 WG) for control of quackgrass and specific broadleaf weeds in field corn.--Introduction |
| 563 | |aSoftcover |
| 590 | |a01-41|b2001-10-12 |
| 690 | 07|aHerbicides|2gcpds |
| 690 | 07|aWeeds|2gcpds |
| 775 | 08|tPrimisulfuron-méthyl |w(CaOODSP)9.625795 |
| 776 | 0#|tPrimisulfuron-methyl |w(CaOODSP)9.572695 |
| 830 | #0|aRegulatory decision document ;|vRDD2001-03|w(CaOODSP)9.514701 |